000 00555nam a2200169 i 4500
001 bg
100 1 _aBIEŃKOWSKI, Adam
245 0 _aWpływ naprężeń ściskających na krzywą magnesowania statytycznego wybranych ferrytów /
_cAdam Bieńkowski.
260 _aWarszawa,
_c1980.
490 1 _aPrace Naukowe Politechniki Warszawskiej. Mechanika ;
_v64
830 0 _aPrace Naukowe - Politechnika Warszawska.
_pMechanika ;
_v64
040 _cBPK
041 _apol
080 _a620.179:681.2
942 _cKS
008 s pl f |000 0 pol
999 _c19320
_d19320
856 _uhttp://koha.tu.koszalin.pl/cgi-bin/koha/opac-detail.pl?biblionumber=19320
_yKatalog online BPK